People From What Country #2 - Statistics

General Stats
  • This quiz has been taken 77 times
    64 since last reset
  • The average score is 15 of 24
Answer Stats
Person Country % Correct
Adolf Hitler Austria
96%
Jackie Chan China
94%
Leonardo da Vinci Italy
94%
Abraham Lincoln United States of America
94%
Conor McGregor Ireland
90%
Bob Marley Jamaica
90%
Pablo Picasso Spain
90%
Pelé Brazil
88%
Hayao Miyazaki Japan
88%
Pablo Escobar Colombia
78%
Novak Djokovic Serbia
78%
Hugh Jackman Australia
71%
Joseph Stalin Georgia
63%
Manny Pacquiao Philippines
53%
Luis Suarez Uruguay
53%
Robert Mugabe Zimbabwe
45%
Pedro Pascal Chile
41%
Mia Khalifa Lebanon
41%
Jet Li Singapore
31%
David Dobrik Slovakia
25%
Oscar Isaac Guatemala
24%
Israel Adesnaya Nigeria
24%
Jean Reno Morocco
6%
Jacqueline Fernandez Sri Lanka
4%
No matching quizzes found
Score Distribution
Percent of People with Each Score
Percentile by Number Answered
Your Score History
You have not taken this quiz since the last reset